[Event "Bayrische EM (D)"]
[Site "Bad Königshofen"]
[Date "2010.08.22"]
[Round "1.1"]
[White "Dauer, Christina"]
[Black "Narr, Irmgard"]
[Result "1-0"]
[WhiteElo "1882"]
[BlackElo "1760"]
[PlyCount "95"]
[EventDate "2010.??.??"]
[WhiteTeam "Spgem Kötz/Ichenhausen"]
[BlackTeam "SC Mühlhof-Reichelsdorf e.V."]

1. e4 e6 2. d4 d5 3. e5 Bd7 4. a3 c5 5. c3 Nc6 6. Nf3 Qb6 7. b4 cxd4 8. cxd4
Nge7 9. Be2 Nf5 10. Be3 Nxe3 11. fxe3 Ne7 12. O-O Nf5 13. Qd2 Be7 14. Bd3 Bb5
15. Nc3 Bxd3 16. Qxd3 a6 17. Nxd5 Qd8 18. Nxe7 Qxe7 19. e4 Nh4 20. d5 exd5 21.
exd5 O-O 22. Rae1 Rad8 23. d6 Nxf3+ 24. Rxf3 Qe6 25. Qe4 b5 26. Rh3 h6 27. Rg3
f5 28. Qc6 f4 29. Rd3 Qf5 30. Qd5+ Kh8 31. e6 Qxd5 32. Rxd5 Rfe8 33. d7 Re7 34.
Rd6 g5 35. Rc1 Kg7 36. Rc8 Rxe6 37. Rxe6 Rxd7 38. Rxa6 g4 39. Rc2 Rd1+ 40. Kf2
Rd7 41. Rac6 Rd3 42. Rb6 Rd7 43. Rxb5 Rd6 44. a4 Kf6 45. a5 Ke7 46. Rb6 Rd4 47.
a6 h5 48. a7 1-0

[Event "Bayrische EM (D)"]
[Site "Bad Königshofen"]
[Date "2010.08.22"]
[Round "1.2"]
[White "Weiss, Monika"]
[Black "Lorenz, Oda"]
[Result "1/2-1/2"]
[WhiteElo "1661"]
[BlackElo "1875"]
[PlyCount "91"]
[EventDate "2010.??.??"]
[WhiteTeam "SC Bavaria Regensb.1881"]
[BlackTeam "Schachges. Augsburg 1873"]

1. e4 e5 2. Nc3 Nc6 3. Bc4 Nf6 4. f4 d6 5. h3 Be7 6. Nf3 O-O 7. d3 a6 8. a3 b5
9. Ba2 Be6 10. Bxe6 fxe6 11. O-O Nd7 12. fxe5 Ncxe5 13. d4 Ng6 14. Be3 c5 15.
dxc5 dxc5 16. Qd2 Qc7 17. Bg5 Nf6 18. e5 Nxe5 19. Nxe5 Qxe5 20. Bf4 Qd4+ 21.
Rf2 Rad8 22. Qe2 Qd7 23. Re1 c4 24. Qxe6+ Qxe6 25. Rxe6 Bc5 26. Be3 Bxe3 27.
Rxe3 Rd6 28. Rfe2 Rfd8 29. Ne4 Rd1+ 30. Kf2 Nxe4+ 31. Rxe4 R8d6 32. R4e3 Kf7
33. Rf3+ Rf6 34. Rxf6+ Kxf6 35. c3 Rd6 36. Ke1 a5 37. Re3 Rd5 38. Ke2 Kf5 39.
Re7 Kf6 40. Re3 Rg5 41. g4 Re5 42. Rxe5 Kxe5 43. Ke3 a4 44. h4 g6 45. g5 Kf5
46. Kf3 1/2-1/2

[Event "Bayrische EM (D)"]
[Site "Bad Königshofen"]
[Date "2010.08.22"]
[Round "1.3"]
[White "Nieberle, Cornelia"]
[Black "Nieberle, Julia"]
[Result "1/2-1/2"]
[WhiteElo "1722"]
[BlackElo "1515"]
[PlyCount "20"]
[EventDate "2010.??.??"]
[WhiteTeam "SK Bobingen"]
[BlackTeam "SK Bobingen"]

1. e4 c5 2. Nf3 Nc6 3. c3 e6 4. d4 cxd4 5. cxd4 d5 6. exd5 Qxd5 7. Nc3 Qd8 8.
Bb5 Bd7 9. O-O Nge7 10. Bf4 g6 1/2-1/2

[Event "Bayrische EM (D)"]
[Site "Bad Königshofen"]
[Date "2010.08.22"]
[Round "1.4"]
[White "Groschwitz, Isabella"]
[Black "Gremer, Kathrin"]
[Result "0-1"]
[WhiteElo "1442"]
[BlackElo "1743"]
[PlyCount "126"]
[EventDate "2010.??.??"]
[WhiteTeam "SF Fichtelgebirge"]
[BlackTeam "SC Steinwiesen"]

1. d4 d5 2. Nf3 Nf6 3. Bf4 Bg4 4. Nbd2 Nbd7 5. h3 Bh5 6. c3 e6 7. Bg5 Be7 8.
Bxf6 Nxf6 9. e3 O-O 10. Bd3 c5 11. dxc5 Bxc5 12. Qc2 Qe7 13. e4 Bg6 14. O-O
Rfd8 15. e5 Nd7 16. Bxg6 hxg6 17. Nb3 Bb6 18. Rad1 Rac8 19. Qe2 Rc4 20. Nbd4
Bxd4 21. Rxd4 Rdc8 22. Rfd1 b5 23. Rxc4 bxc4 24. Qc2 Qc5 25. a3 Rb8 26. Rd2 Rb3
27. Nd4 Rb7 28. Nf3 Qc7 29. Re2 Qb8 30. Kh1 Nc5 31. Ne1 Rb3 32. f3 Na4 33. Qd2
Rxb2 34. Qe3 Rxe2 35. Qxe2 Nxc3 36. Qd2 Qxe5 37. Nc2 Ne2 38. a4 c3 39. Qd3 Ng3+
40. Kg1 Nf5 41. a5 Qc7 42. Qb5 Nd6 43. Qb4 Nb7 44. a6 Qc5+ 45. Qxc5 Nxc5 46.
Kf2 Nxa6 47. Ke2 e5 48. Kd1 f6 49. Kc1 Kf7 50. Kb1 d4 51. Kc1 Ke6 52. Na3 Nc7
53. Kc2 Kd5 54. Nb1 Nb5 55. Kd3 a5 56. g3 a4 57. h4 a3 58. Nxa3 Nxa3 59. g4 c2
60. h5 gxh5 61. Kd2 hxg4 62. fxg4 d3 63. Kc1 e4 0-1

[Event "Bayrische EM (D)"]
[Site "Bad Königshofen"]
[Date "2010.08.22"]
[Round "1.5"]
[White "Müller, Liliane"]
[Black "Stegmaier, Erika"]
[Result "1-0"]
[WhiteElo "1597"]
[BlackElo "1600"]
[PlyCount "91"]
[EventDate "2010.??.??"]
[WhiteTeam "1.Schachklub Neuperlach e.V."]
[BlackTeam "1.Schachklub Neuperlach e.V."]

1. d4 Nf6 2. c4 d5 3. e3 e6 4. Nc3 Nbd7 5. Nf3 Be7 6. Bd3 O-O 7. O-O b6 8. Re1
Bb7 9. cxd5 exd5 10. Qc2 h6 11. b3 Rc8 12. Bd2 c5 13. Qd1 Ne4 14. Rc1 Ndf6 15.
Ne2 Ng4 16. Rf1 Bd6 17. h3 Ngxf2 18. Rxf2 Nxf2 19. Kxf2 Qf6 20. Kg1 Rfe8 21.
Qe1 a6 22. Qh4 Qxh4 23. Nxh4 g6 24. Rf1 Kg7 25. Rxf7+ Kxf7 26. Bxg6+ Kg7 27.
Bxe8 Rxe8 28. Nf5+ Kg6 29. Nxd6 Re7 30. Nf4+ Kh7 31. Nxb7 Rxb7 32. Nxd5 cxd4
33. exd4 b5 34. Bf4 Kg6 35. Be5 Rd7 36. Nf4+ Kf7 37. Kf2 Rd8 38. Nd3 Rc8 39.
Nc5 Rc6 40. g3 h5 41. h4 Kg6 42. Kf3 Kf5 43. b4 Rg6 44. Bf4 Rc6 45. d5 Rc8 46.
d6 1-0

[Event "Bayrische EM (D)"]
[Site "Bad Königshofen"]
[Date "2010.08.22"]
[Round "1.6"]
[White "Schneider, Simone"]
[Black "Zwetz, Anita"]
[Result "1-0"]
[WhiteElo "1434"]
[BlackElo "1876"]
[PlyCount "169"]
[EventDate "2010.??.??"]
[WhiteTeam "Schachklub Immenstadt"]
[BlackTeam "TSV Kareth-Lappersdorf"]

1. Nf3 d5 2. g3 Nf6 3. Bg2 c5 4. b3 Nc6 5. Bb2 e6 6. O-O Be7 7. d3 Qc7 8. e3
O-O 9. c4 Rd8 10. Qe2 d4 11. exd4 cxd4 12. Nbd2 e5 13. Rfe1 Bg4 14. Rac1 Re8
15. a3 Nd7 16. b4 Bg5 17. Rc2 Bxd2 18. Qxd2 h6 19. h3 Bf5 20. Nh4 Bh7 21. f4
exf4 22. Rxe8+ Rxe8 23. gxf4 Re3 24. f5 Nde5 25. b5 Rxd3 26. Qf2 Rd1+ 27. Bf1
Nd3 28. Qf3 Rxf1+ 29. Kxf1 Nce5 30. Qd5 Nxb2 31. Rxb2 Nxc4 32. Qe4 Kh8 33. Re2
Nxa3 34. Qxd4 Bg8 35. f6 Qc1+ 36. Re1 Qg5 37. fxg7+ Qxg7 38. Nf5 Qxd4 39. Nxd4
Nc4 40. Re7 b6 41. Rxa7 f6 42. Kf2 Bd5 43. Kg3 Ne5 44. Nf5 h5 45. Nd4 Ng6 46.
Ra6 Kg7 47. Rxb6 Ne5 48. Rd6 Be4 49. Ra6 Kf7 50. Ra7+ Ke8 51. b6 Nd7 52. b7 Nb8
53. Kh4 Kd7 54. Kxh5 Kc7 55. Ne6+ Kb6 56. Ra3 Bd5 57. Nf4 Bxb7 58. Kg6 Nd7 59.
Nh5 Be4+ 60. Kf7 f5 61. Rc3 Nc5 62. Nf4 Kc6 63. Ne6 f4 64. Nxc5 Bd5+ 65. Kf6
Kd6 66. Nd3 f3 67. Nf2 Bc6 68. Rxc6+ Kxc6 69. h4 Kd5 70. h5 Kd4 71. h6 Ke3 72.
h7 Kxf2 73. h8=Q Ke2 74. Qh2+ f2 75. Qe5+ Kd2 76. Qf4+ Ke2 77. Qe4+ Kd2 78. Qf3
Ke1 79. Qe3+ Kf1 80. Kf5 Kg2 81. Qg5+ Kh2 82. Qf4+ Kh3 83. Qf3+ Kh2 84. Qxf2+
Kh3 85. Qg1 1-0

[Event "Bayrische EM (D)"]
[Site "Bad Königshofen"]
[Date "2010.08.22"]
[Round "1.7"]
[White "Roos, Karin"]
[Black "Zürner, Bianca"]
[Result "1-0"]
[WhiteElo "1846"]
[BlackElo "1231"]
[PlyCount "51"]
[EventDate "2010.??.??"]
[WhiteTeam "FC Bayern München e.V."]
[BlackTeam "SV Thiersheim"]

1. e4 e6 2. Nf3 g6 3. d4 Bg7 4. Bd3 Ne7 5. Bf4 d6 6. Qe2 Nbc6 7. c3 a6 8. Nbd2
e5 9. dxe5 dxe5 10. Bg3 Bg4 11. Qe3 Qd7 12. Nc4 f6 13. h3 Bxf3 14. Qxf3 O-O-O
15. O-O-O Qe6 16. Kb1 Rd7 17. Ne3 Rf8 18. Bc4 Rxd1+ 19. Rxd1 Qd6 20. Rxd6 cxd6
21. Qg4+ Kc7 22. Qe6 b5 23. Bb3 h5 24. Nd5+ Kd8 25. Qxd6+ Ke8 26. Nc7# 1-0

[Event "Bayrische EM (D)"]
[Site "Bad Königshofen"]
[Date "2010.08.23"]
[Round "2.1"]
[White "Müller, Liliane"]
[Black "Dauer, Christina"]
[Result "0-1"]
[WhiteElo "1597"]
[BlackElo "1882"]
[PlyCount "80"]
[EventDate "2010.??.??"]
[WhiteTeam "1.Schachklub Neuperlach e.V."]
[BlackTeam "Spgem Kötz/Ichenhausen"]

1. d4 d5 2. c4 e6 3. Nc3 Nf6 4. Nf3 Be7 5. Bf4 c6 6. e3 O-O 7. Bd3 dxc4 8. Bxc4
b6 9. O-O Bb7 10. Bd3 c5 11. dxc5 Bxc5 12. Qc2 Nc6 13. a3 Re8 14. Rad1 Qc8 15.
Ne4 Nxe4 16. Bxe4 f5 17. Bd3 Be7 18. Qb3 Na5 19. Qa2 Bd5 20. Qb1 Qb7 21. Ne1
Bf6 22. Bd6 Nc4 23. Bxc4 Bxc4 24. Nd3 Rad8 25. b3 Ba6 26. Bb4 Qe4 27. Nf4 Qxb1
28. Rxb1 Bxf1 29. Kxf1 a5 30. Be1 g6 31. g3 e5 32. Ne2 Rd3 33. Bc3 Red8 34. Ke1
Kf7 35. a4 g5 36. h3 Ke6 37. Rc1 Be7 38. Rb1 Rc8 39. Bd2 Rc2 40. Bc1 Bb4+ 0-1

[Event "Bayrische EM (D)"]
[Site "Bad Königshofen"]
[Date "2010.08.23"]
[Round "2.2"]
[White "Gremer, Kathrin"]
[Black "Roos, Karin"]
[Result "1-0"]
[WhiteElo "1743"]
[BlackElo "1846"]
[PlyCount "57"]
[EventDate "2010.??.??"]
[WhiteTeam "SC Steinwiesen"]
[BlackTeam "FC Bayern München e.V."]

1. e4 d6 2. d4 g6 3. Nf3 Bg7 4. Bc4 Nc6 5. c3 Bg4 6. Bxf7+ Kf8 7. Bxg8 Rxg8 8.
Nbd2 Bf6 9. h3 Bd7 10. Nc4 e5 11. Bh6+ Ke8 12. dxe5 dxe5 13. Qd5 Ne7 14. Qd2
Nc6 15. Rd1 Qe7 16. Bg5 Be6 17. Bxf6 Qxf6 18. Ne3 Bxa2 19. Qd7+ Kf8 20. Qxc7
Rg7 21. Qd6+ Qxd6 22. Rxd6 Ke7 23. Rd1 Bb3 24. Rd2 h6 25. Ng4 h5 26. Ngxe5 Nxe5
27. Nxe5 Ke6 28. Nf3 Rgg8 29. Nd4+ 1-0

[Event "Bayrische EM (D)"]
[Site "Bad Königshofen"]
[Date "2010.08.23"]
[Round "2.3"]
[White "Lorenz, Oda"]
[Black "Schneider, Simone"]
[Result "1-0"]
[WhiteElo "1875"]
[BlackElo "1434"]
[PlyCount "153"]
[EventDate "2010.??.??"]
[WhiteTeam "Schachges. Augsburg 1873"]
[BlackTeam "Schachklub Immenstadt"]

1. e4 c6 2. d4 d5 3. exd5 cxd5 4. c4 Nf6 5. Nc3 Bf5 6. Nf3 Nc6 7. Be2 e6 8. c5
Be7 9. O-O O-O 10. Bf4 a6 11. Na4 Nd7 12. Ne5 Ncxe5 13. Bxe5 Rc8 14. b4 b6 15.
Bxa6 Ra8 16. Bb5 bxc5 17. Bxd7 Qxd7 18. Nxc5 Qb5 19. Qb3 Bxc5 20. bxc5 Bd3 21.
Qxb5 Bxb5 22. Rfb1 Bc6 23. Rb6 Rfc8 24. Kf1 f6 25. Bf4 Ra4 26. Be3 e5 27. dxe5
fxe5 28. f3 d4 29. Bd2 Kf7 30. Bb4 Ke6 31. a3 Kd5 32. Ke2 Ra7 33. Kd3 Re8 34.
Re1 Rb7 35. Rc1 Ree7 36. Kd2 e4 37. fxe4+ Rxe4 38. Rf1 Rxb6 39. cxb6 Re7 40.
Rf5+ Re5 41. Rf7 Kc4 42. b7 Rb5 43. Rc7 Kd5 44. Rxg7 Rxb7 45. Rg5+ Ke4 46. Rh5
Rf7 47. Rh4+ Kd5 48. g3 Kc4 49. Rf4 Rxf4 50. gxf4 Kd5 51. Ke2 Ke4 52. Bd6 Bd7
53. Kd2 h5 54. h4 Bb5 55. Be5 Kd5 56. Bf6 Ke4 57. Bg7 d3 58. Bh6 Kf5 59. Ke3
Kf6 60. Bg5+ Kf5 61. Be7 Ke6 62. Bb4 Kf5 63. Kf3 Bc6+ 64. Kg3 Ke4 65. Bd2 Bd7
66. Kf2 Bb5 67. Ke1 Kf3 68. f5 Be8 69. f6 Kg4 70. Bg5 Kf5 71. a4 Ke6 72. a5 Kd6
73. Kd2 Bg6 74. Kc3 Kc5 75. Bd2 Kd5 76. a6 Be4 77. f7 1-0

[Event "Bayrische EM (D)"]
[Site "Bad Königshofen"]
[Date "2010.08.23"]
[Round "2.4"]
[White "Nieberle, Julia"]
[Black "Weiss, Monika"]
[Result "1-0"]
[WhiteElo "1515"]
[BlackElo "1661"]
[PlyCount "120"]
[EventDate "2010.??.??"]
[WhiteTeam "SK Bobingen"]
[BlackTeam "SC Bavaria Regensb.1881"]

1. e4 d6 2. d4 Nf6 3. Nc3 g6 4. Nf3 Bg7 5. Bf4 O-O 6. Qd2 c6 7. h3 b5 8. Bd3 b4
9. Ne2 a5 10. O-O Nbd7 11. c3 bxc3 12. bxc3 Qc7 13. Rab1 c5 14. d5 c4 15. Bc2
Nc5 16. Ng3 Nfd7 17. Nd4 Ba6 18. Nb5 Bxb5 19. Rxb5 Rab8 20. Rbb1 Rxb1 21. Rxb1
Rb8 22. Rxb8+ Qxb8 23. Bd1 Qb1 24. Qc2 Qxc2 25. Bxc2 Bxc3 26. Ne2 Bb4 27. Nd4
Nb6 28. Nc6 Kf8 29. f3 Nba4 30. Bc1 Bc3 31. Kf1 Nb6 32. Ke2 Nbd7 33. Bd2 Bxd2
34. Kxd2 Nb7 35. Kc3 Nb6 36. Bd1 e6 37. dxe6 fxe6 38. Be2 d5 39. exd5 exd5 40.
Kd4 Kf7 41. f4 Ke6 42. Bg4+ Kd6 43. Ne5 Nd8 44. f5 gxf5 45. Bxf5 Ne6+ 46. Bxe6
Kxe6 47. Nc6 a4 48. Nb4 Kd6 49. a3 Ke6 50. g4 Kd6 51. h4 h6 52. g5 hxg5 53.
hxg5 Ke6 54. g6 Kf6 55. Kc5 d4 56. Kxb6 d3 57. Na2 d2 58. Nc3 Kxg6 59. Kc5 Kf5
60. Kxc4 Kf4 1-0

[Event "Bayrische EM (D)"]
[Site "Bad Königshofen"]
[Date "2010.08.23"]
[Round "2.5"]
[White "Zwetz, Anita"]
[Black "Nieberle, Cornelia"]
[Result "0-1"]
[WhiteElo "1876"]
[BlackElo "1722"]
[PlyCount "96"]
[EventDate "2010.??.??"]
[WhiteTeam "TSV Kareth-Lappersdorf"]
[BlackTeam "SK Bobingen"]

1. d4 d5 2. Bg5 Nf6 3. Nf3 Bf5 4. e3 e6 5. Bd3 Bg6 6. Qe2 c6 7. Nbd2 Bd6 8. Ne5
Nbd7 9. Nxg6 hxg6 10. f4 Qb6 11. Bxf6 Nxf6 12. Nb3 a6 13. g3 Nd7 14. e4 Be7 15.
exd5 cxd5 16. c3 Rc8 17. Rb1 Nf6 18. Nd2 Qa5 19. a3 b5 20. O-O Qb6 21. Rfe1 O-O
22. Nf3 Nd7 23. Qg2 f5 24. g4 Kf7 25. Ne5+ Nxe5 26. fxe5 Rh8 27. Rf1 Rh4 28.
gxf5 gxf5 29. Rf3 Rch8 30. h3 g5 31. Rbf1 Ke8 32. Rg3 Qd8 33. Kf2 Kd7 34. Ke1
Qg8 35. Rg1 Qh7 36. Rh1 Qh6 37. Bf1 g4 38. Qe2 gxh3 39. Qf3 Qc1+ 40. Qd1 Qxb2
41. Bxh3 Qxa3 42. Kf2 Qb2+ 43. Kg1 a5 44. Bg2 Rxh1+ 45. Bxh1 Qh2+ 46. Kf1 Qxg3
47. Bg2 Qxc3 48. Qe2 Qc4 0-1

[Event "Bayrische EM (D)"]
[Site "Bad Königshofen"]
[Date "2010.08.23"]
[Round "2.6"]
[White "Narr, Irmgard"]
[Black "Stegmaier, Erika"]
[Result "1-0"]
[WhiteElo "1760"]
[BlackElo "1600"]
[PlyCount "97"]
[EventDate "2010.??.??"]
[WhiteTeam "SC Mühlhof-Reichelsdorf e.V."]
[BlackTeam "1.Schachklub Neuperlach e.V."]

1. e4 c5 2. Nf3 Nc6 3. d4 cxd4 4. Nxd4 a6 5. Nc3 e6 6. Be3 Nf6 7. Qd2 Bb4 8. a3
Nxe4 9. Qd3 Bxc3+ 10. bxc3 d5 11. c4 Ne5 12. Qb3 Qa5+ 13. Qb4 Qxb4+ 14. axb4
dxc4 15. Bf4 Ng6 16. Bc7 b5 17. f3 Nf6 18. Nxb5 Nd5 19. Bxc4 Nxb4 20. Bd3 Nxd3+
21. cxd3 O-O 22. Nd6 Bd7 23. Kf2 Ne7 24. Rhc1 Nd5 25. Ba5 Rfb8 26. Nc4 Rb3 27.
Ne5 Bb5 28. d4 Rb2+ 29. Kg3 f6 30. Nc4 Bxc4 31. Rxc4 Ne3 32. Rc6 Kf7 33. Rc7+
Kg6 34. Rg1 Nf5+ 35. Kg4 h5+ 36. Kh3 Rb5 37. Bc3 Rd5 38. g4 hxg4+ 39. Rxg4+ Kh7
40. Re4 Re8 41. Ra7 a5 42. Rxa5 Rxa5 43. Bxa5 Kg6 44. d5 Kf7 45. dxe6+ Rxe6 46.
Rf4 Nd6 47. Bb4 Nb5 48. Kg3 Nc7 49. Rd4 1-0

[Event "Bayrische EM (D)"]
[Site "Bad Königshofen"]
[Date "2010.08.23"]
[Round "2.7"]
[White "Zürner, Bianca"]
[Black "Groschwitz, Isabella"]
[Result "1/2-1/2"]
[WhiteElo "1231"]
[BlackElo "1442"]
[PlyCount "54"]
[EventDate "2010.??.??"]
[WhiteTeam "SV Thiersheim"]
[BlackTeam "SF Fichtelgebirge"]

1. e4 e5 2. g3 Bc5 3. Bg2 Nf6 4. Nc3 d6 5. d3 Ng4 6. Be3 Bxe3 7. fxe3 Nxe3 8.
Qe2 Nxg2+ 9. Qxg2 Bg4 10. Nf3 Bxf3 11. Qxf3 c6 12. O-O-O Qg5+ 13. Kb1 Nd7 14.
d4 a6 15. d5 c5 16. Rhf1 O-O 17. h4 Qg6 18. g4 f6 19. Ne2 Qf7 20. Rf2 b5 21.
Ng3 a5 22. Rdf1 Qe8 23. h5 h6 24. Nf5 Ra6 25. Nh4 a4 26. a3 b4 27. c4 Rb6
1/2-1/2

[Event "Bayrische EM (D)"]
[Site "Bad Königshofen"]
[Date "2010.08.24"]
[Round "3.1"]
[White "Dauer, Christina"]
[Black "Gremer, Kathrin"]
[Result "1/2-1/2"]
[WhiteElo "1882"]
[BlackElo "1743"]
[PlyCount "88"]
[EventDate "2010.??.??"]
[WhiteTeam "Spgem Kötz/Ichenhausen"]
[BlackTeam "SC Steinwiesen"]

1. e4 e5 2. Nf3 Nc6 3. Bb5 Bc5 4. O-O d6 5. c3 Bd7 6. d4 exd4 7. cxd4 Bb6 8.
Re1 Nce7 9. Bc4 Be6 10. b3 Qd7 11. Nc3 O-O-O 12. d5 Bg4 13. Bb5 c6 14. dxc6
bxc6 15. Ba6+ Kb8 16. Be3 Ng6 17. Na4 Qc7 18. h3 Bc8 19. Bxc8 Rxc8 20. b4 Nf6
21. Qd3 Rhe8 22. Nd2 Bxe3 23. Rxe3 Nf4 24. Qb3 Re5 25. Rc1 Rg5 26. g3 Qd7 27.
b5 Rxb5 28. Qd1 Nxh3+ 29. Kg2 Ng5 30. Qh1 Re8 31. Nc3 Rb7 32. f3 Rb2 33. Re2
Ka8 34. Nc4 Rxe2+ 35. Nxe2 Rb8 36. Nf4 Ne6 37. Nd3 h6 38. Qd1 Ng5 39. Nf2 Ne8
40. Qa4 Qb7 41. Na5 Qb5 42. Qc2 c5 43. Qd2 Nc7 44. Nc4 Rd8 1/2-1/2

[Event "Bayrische EM (D)"]
[Site "Bad Königshofen"]
[Date "2010.08.24"]
[Round "3.2"]
[White "Nieberle, Cornelia"]
[Black "Lorenz, Oda"]
[Result "0-1"]
[WhiteElo "1722"]
[BlackElo "1875"]
[PlyCount "84"]
[EventDate "2010.??.??"]
[WhiteTeam "SK Bobingen"]
[BlackTeam "Schachges. Augsburg 1873"]

1. d4 Nf6 2. c4 c5 3. d5 b5 4. b3 g6 5. Bb2 bxc4 6. bxc4 d6 7. Nd2 Bg7 8. e4
Nbd7 9. Bd3 O-O 10. Ngf3 Rb8 11. Qc2 Rxb2 12. Qxb2 Nxe4 13. Qc1 Nxd2 14. Nxd2
Bxa1 15. Qxa1 Ne5 16. Be2 Qa5 17. Qb2 Bg4 18. f3 Bf5 19. O-O Bd3 20. Bxd3 Nxd3
21. Nb3 Qb4 22. Qc2 Ne5 23. Rc1 e6 24. f4 Nd7 25. Qe4 e5 26. f5 Nf6 27. Qh4
Nxd5 28. f6 Nf4 29. Qh6 Nh5 30. Qg5 Qa3 31. Rc2 Qb4 32. Rc1 Qb6 33. Rf1 Qb4 34.
g4 Nf4 35. Qh6 Ne6 36. Nd2 Qc3 37. Nf3 Qxc4 38. Kf2 Qf4 39. g5 e4 40. Rc1 Qxf3+
41. Kg1 Qg4+ 42. Kh1 Qxg5 0-1

[Event "Bayrische EM (D)"]
[Site "Bad Königshofen"]
[Date "2010.08.24"]
[Round "3.3"]
[White "Roos, Karin"]
[Black "Nieberle, Julia"]
[Result "1-0"]
[WhiteElo "1846"]
[BlackElo "1515"]
[PlyCount "45"]
[EventDate "2010.??.??"]
[WhiteTeam "FC Bayern München e.V."]
[BlackTeam "SK Bobingen"]

1. e4 e5 2. Nf3 Nc6 3. Nc3 Bc5 4. Nxe5 Nxe5 5. d4 Bxd4 6. Qxd4 Qf6 7. Nb5 c6 8.
Nd6+ Kf8 9. Be3 Ng6 10. O-O-O Qxd4 11. Rxd4 Ke7 12. Bc4 Ne5 13. Bb3 f6 14. Rhd1
g5 15. g3 Nh6 16. f4 gxf4 17. gxf4 Nf3 18. Nxc8+ Raxc8 19. Rxd7+ Ke8 20. Rxb7
Nxh2 21. Be6 Rd8 22. Rxd8+ Kxd8 23. Bxa7 1-0

[Event "Bayrische EM (D)"]
[Site "Bad Königshofen"]
[Date "2010.08.24"]
[Round "3.4"]
[White "Schneider, Simone"]
[Black "Müller, Liliane"]
[Result "1-0"]
[WhiteElo "1434"]
[BlackElo "1597"]
[PlyCount "99"]
[EventDate "2010.??.??"]
[WhiteTeam "Schachklub Immenstadt"]
[BlackTeam "1.Schachklub Neuperlach e.V."]

1. Nf3 d5 2. g3 Nf6 3. Bg2 e6 4. b3 c5 5. Bb2 Nc6 6. O-O Be7 7. e3 O-O 8. d3
Qc7 9. Nbd2 Rd8 10. Rb1 e5 11. Qe2 Bg4 12. e4 d4 13. a3 Qd7 14. Rfc1 h5 15. Qf1
Nh7 16. h3 Be6 17. Nc4 Bf6 18. Kh2 b5 19. Ncd2 Ne7 20. Qe2 Ng5 21. Ng1 g6 22.
Ndf3 Nc6 23. Nxg5 Bxg5 24. Rf1 Rac8 25. Nf3 Bh6 26. Bc1 Bxc1 27. Rbxc1 Qe7 28.
h4 Bg4 29. Qd2 f6 30. Ng1 Rf8 31. f4 a5 32. f5 Qb7 33. Bh3 Bxh3 34. Nxh3 b4 35.
a4 Ne7 36. fxg6 Nxg6 37. Rf5 Qh7 38. Qe2 Qh6 39. Rcf1 Rc7 40. Rxh5 Qg7 41. Qg4
Re7 42. Nf2 Kf7 43. Qf5 Rh8 44. Ng4 Rxh5 45. Qxh5 Re6 46. Nh6+ Kf8 47. Nf5 Qf7
48. Qg4 Qh7 49. Nxd4 Nxh4 50. Nxe6+ 1-0

[Event "Bayrische EM (D)"]
[Site "Bad Königshofen"]
[Date "2010.08.24"]
[Round "3.5"]
[White "Groschwitz, Isabella"]
[Black "Narr, Irmgard"]
[Result "1-0"]
[WhiteElo "1442"]
[BlackElo "1760"]
[PlyCount "129"]
[EventDate "2010.??.??"]
[WhiteTeam "SF Fichtelgebirge"]
[BlackTeam "SC Mühlhof-Reichelsdorf e.V."]

1. d4 Nf6 2. Nf3 e6 3. Bf4 Be7 4. e3 b6 5. Bd3 Bb7 6. Nbd2 d6 7. e4 Nbd7 8. c3
c5 9. e5 dxe5 10. dxe5 Nd5 11. Bg3 O-O 12. Qc2 g6 13. h4 Re8 14. h5 Nf8 15. Bb5
Nd7 16. Bd3 Kg7 17. hxg6 fxg6 18. Nh4 Rh8 19. Be4 Rb8 20. Nhf3 b5 21. a3 c4 22.
Nd4 Qb6 23. f3 a6 24. Nf1 Bg5 25. Bf2 Nc5 26. Nxe6+ Qxe6 27. Bxc5 Bf4 28. g3
Bxe5 29. O-O-O Rbc8 30. Be3 Nxe3 31. Nxe3 Rc7 32. Bxb7 Rxb7 33. Qe4 Re7 34. Nd5
Rf7 35. Kb1 Re8 36. Rhe1 Qf5 37. Qxf5 Rxf5 38. f4 h5 39. fxe5 Rg5 40. Nf6 Rexe5
41. Rxe5 Rxe5 42. Nd7 Re3 43. Rg1 Rd3 44. Nc5 Rd6 45. a4 g5 46. axb5 axb5 47.
Ka2 Kg6 48. b3 Rd5 49. Ne6 Rd2+ 50. Ka3 Rd3 51. Kb4 Kf6 52. Nd4 cxb3 53. Kxb3
Ke5 54. Nxb5 Ke4 55. Kb4 Kf3 56. c4 Rd2 57. c5 g4 58. Nd6 Kf2 59. Ne4+ Kxg1 60.
Nxd2 Kf2 61. c6 Kxg3 62. c7 Kg2 63. c8=Q g3 64. Qf5 h4 65. Qf1+ 1-0

[Event "Bayrische EM (D)"]
[Site "Bad Königshofen"]
[Date "2010.08.24"]
[Round "3.6"]
[White "Weiss, Monika"]
[Black "Zürner, Bianca"]
[Result "1-0"]
[WhiteElo "1661"]
[BlackElo "1231"]
[PlyCount "83"]
[EventDate "2010.??.??"]
[WhiteTeam "SC Bavaria Regensb.1881"]
[BlackTeam "SV Thiersheim"]

1. e4 e5 2. f4 Nc6 3. Nf3 d6 4. Bc4 g6 5. d3 Bg7 6. O-O exf4 7. c3 Bg4 8. Bxf4
Qf6 9. Bg5 Qxg5 10. Bxf7+ Ke7 11. Nxg5 Bxd1 12. Rxd1 h6 13. Bxg8 Rhxg8 14. Nf3
Rgf8 15. Nbd2 Rf7 16. Nh4 g5 17. Nf5+ Kf6 18. Rf1 Kg6 19. Nxg7 Kxg7 20. Rxf7+
Kxf7 21. Rf1+ Ke6 22. d4 d5 23. e5 Rh8 24. Rf6+ Ke7 25. Nf1 Nd8 26. Ne3 c6 27.
Nf5+ Ke8 28. Nxh6 Ke7 29. Nf5+ Ke8 30. Rg6 Kf7 31. Rxg5 Ke6 32. Nd6 Rh7 33.
Rg6+ Ke7 34. g3 a6 35. Kg2 b6 36. Nc8+ Kf7 37. Rf6+ Ke8 38. Nxb6 Ke7 39. Na4 a5
40. Nc5 Rg7 41. h4 Rh7 42. Kh3 1-0

[Event "Bayrische EM (D)"]
[Site "Bad Königshofen"]
[Date "2010.08.24"]
[Round "3.7"]
[White "Stegmaier, Erika"]
[Black "Zwetz, Anita"]
[Result "0-1"]
[WhiteElo "1600"]
[BlackElo "1876"]
[PlyCount "148"]
[EventDate "2010.??.??"]
[WhiteTeam "1.Schachklub Neuperlach e.V."]
[BlackTeam "TSV Kareth-Lappersdorf"]

1. c4 e6 2. Nc3 d5 3. cxd5 exd5 4. d4 c6 5. g3 Bf5 6. Bg2 Nf6 7. e3 Bd6 8. Nf3
h6 9. O-O Nbd7 10. Nd2 O-O 11. Re1 Bb4 12. a3 Bxc3 13. bxc3 Ne4 14. Nxe4 dxe4
15. Rb1 Rb8 16. c4 Nf6 17. Bd2 Qd7 18. Bc3 Rfd8 19. Rb2 Bh3 20. Rd2 Bxg2 21.
Kxg2 Qf5 22. d5 cxd5 23. Bxf6 Qxf6 24. cxd5 Rd6 25. Qg4 Qe5 26. Red1 Rbd8 27.
f4 Qc3 28. Qe2 a6 29. a4 R8d7 30. Kf2 Qb3 31. Qh5 Qxa4 32. Qe5 b5 33. Rd4 Qc2+
34. R1d2 Qb1 35. Rxe4 Qh1 36. Qf5 Qxh2+ 37. Ke1 Qxg3+ 38. Kd1 Qg6 39. Re8+ Kh7
40. Qe5 Rd8 41. Re7 Qg1+ 42. Ke2 Qg2+ 43. Ke1 Qh1+ 44. Ke2 Rxd5 45. Rxd5 Rxd5
46. Qe4+ Qxe4 47. Rxe4 Kg6 48. Re7 b4 49. e4 Rc5 50. Rb7 Rb5 51. Rd7 Rb6 52.
Kd3 a5 53. Kc2 b3+ 54. Kb2 a4 55. Ra7 Rb4 56. Ra6+ Kh5 57. Ra5+ Kg4 58. Rf5
Rxe4 59. Rxf7 g6 60. Rf6 h5 61. Rxg6+ Kxf4 62. Rg2 Kf3 63. Rg8 Rg4 64. Rf8+ Kg2
65. Rd8 Rf4 66. Rg8+ Kf1 67. Rg3 h4 68. Rc3 Kg2 69. Rc8 Rg4 70. Rd8 Rf4 71.
Rg8+ Kh2 72. Rg5 h3 73. Rg6 Rf2+ 74. Kb1 a3 0-1

[Event "Bayrische EM (D)"]
[Site "Bad Königshofen"]
[Date "2010.08.25"]
[Round "4.1"]
[White "Lorenz, Oda"]
[Black "Dauer, Christina"]
[Result "1/2-1/2"]
[WhiteElo "1875"]
[BlackElo "1882"]
[PlyCount "101"]
[EventDate "2010.??.??"]
[WhiteTeam "Schachges. Augsburg 1873"]
[BlackTeam "Spgem Kötz/Ichenhausen"]

1. e4 e6 2. d4 d5 3. exd5 exd5 4. c4 Bb4+ 5. Nc3 Nf6 6. a3 Bxc3+ 7. bxc3 O-O 8.
Be2 Ne4 9. Qc2 Qh4 10. Be3 dxc4 11. Nf3 Qe7 12. O-O Bf5 13. Qb2 c6 14. Bxc4 Nd6
15. Ba2 h6 16. Rfe1 Qf6 17. Bf4 Nd7 18. Be5 Qg6 19. Nh4 Qg4 20. Bxd6 Qxh4 21.
Qxb7 Nf6 22. Re7 Nd5 23. Rxf7 Rxf7 24. Qxa8+ Kh7 25. Bg3 Qf6 26. Bxd5 cxd5 27.
Qxd5 Rf8 28. Qe5 Qc6 29. Qd6 Qxc3 30. Rf1 Rf7 31. h3 Qd3 32. Be5 Bg6 33. Re1
Qd2 34. Rf1 Bd3 35. Qe6 Bg6 36. d5 Qa2 37. Bd6 Rf5 38. Bc5 Rg5 39. Re1 Bf5 40.
Qe5 Bxh3 41. Qe4+ Bf5 42. Qf3 Bg6 43. Rc1 Rxd5 44. Bxa7 Rd3 45. Qf8 Qxa3 46.
Qxa3 Rxa3 47. Rc7 Rd3 48. Be3 Kg8 49. Bf4 Rd5 50. Kh2 Be8 51. Kg3 1/2-1/2